000 00747nam a2200229Ia 4500
003 GCL
008 140319s9999 xx 000 0 ara d
040 _aGCL /
_cGCL
082 0 4 _a920
_bب س
100 1 _aمجدى شرشر
245 1 0 _aسياسة الدبلوماسية :
_bمذكرات جيمس بيكر /
_cمجدى شرشر
700 1 _aبيكر، جيمس
250 _aالاولى
260 _aالقاهرة :
_bمكتبة مدبولى ،
_c1999
300 _a975 ص ؛
_c25 سم
650 0 4 _aالولايات المتحدة الامريكية
650 0 4 _aالتراجم الذاتية
650 0 4 _aرجال الدولة
650 0 4 _aالوزراء
650 0 4 _aجيمس بيكر - المذكرات
942 _2ddc
_cBK
999 _c4708
_d4708